000 01071nac a22003497a 4500
001 BR2014006139
003 BR-BrBNA
005 20240105124016.0
008 230509b bl.|||m| |||| 00| 0 por d
040 _aBR-BrBNA
_bpor
_cBiblioteca Nacional de Agricultura
072 _aH50; F62; P40
090 _a0710 BR2014006139
100 1 _aCardoso, L.S.
100 1 _aNachtigall, G.R.
100 1 _aBergamaschi, H.
100 1 _aPaula, V.A. de
100 1 _aBosco, L.C.
100 1 _aMarodin, G.A.B.
110 1 _aEMBRAPA Uva e Vinho, Bento Gonçalves, RS (Brasil)
245 1 _aCondições meteorológicas e a fenologia de macieiras na região de Vacaria, RS
260 3 _aBento Gonçalves, RS (Brasil):
_c2013.
300 _a8 p.
490 _aComunicado Técnico - EMBRAPA Uva e Vinho (Brazil)
_vno. 145
_xISSN 1516-8093
500 _a10 ref.
650 _aMAÇÃ
650 _aCLIMA
650 _aTEMPERATURA
650 _aVARIAÇÃO SAZONAL
650 _aFENOLOGIA
909 _a202312
_bLúcia Elande
_c55
_dLúcia Elande
942 _2AGRIS
_n0
_cMS
999 _c297961
_d297961